000 01616ctm a22003137a 4500
999 _c7300
_d7300
003 OSt
005 20260515062531.0
008 181220q19622001spc|||| |||| 0|0 0dcat|d
040 _aES-BaBC
_bcat
_cCDMR
100 1 _aHuertas, Josep Maria
_d1939-2007‏
_q(Josep Maria),
_ecreador
_928
245 1 0 _aFons Josep M. Huertas Clavería
260 _cEntre 1970 i 2000?
300 _aAproximadament 105 capses
300 _aAproximadament 4600 volums
506 _aDocumentació en procés de condiciament, ordenació i descripció;
_caccés restringit
520 3 _aCorrespondència, manuscrits teatrals i en prosa, esborranys i material de treball, documentació sobre la seva obra, biblioteca personal, publicacions periòdiques, material gràfic i retalls de premsa
524 _aBarcelona, Biblioteca de Catalunya, Fons Josep M. Huertas Clavería
600 1 7 _aHuertas, Josep Maria
_d1939-2007‏
_q(Josep Maria),
_xArxius
_2
_928
600 1 7 _aHuertas, Josep Maria
_d1939-2007‏
_q(Josep Maria),
_xBiografia
_2
_928
650 7 _aGuerra Civil Espanyola, 1936-1939
_xRelats personals
_2lemac
650 7 _aPeriodistes
_zCatalunya
_xArxius
_2lemac
_92400
650 7 _aBarris
_zCatalunya
_zBarcelona
_xHistòria
_yS. XX
_2lemac
650 7 _aMoviment obrer
_zCatalunya
_zBarcelona
_xHistòria
_zS. XX
_2lemac
651 7 _aBarcelona (Catalunya)
_xHistòria
_yS. XX
_2lemac
651 7 _aBarcelona (Catalunya)
_xVida i costums
_xHistòria
_2lemac
655 7 _aManuscrits
_2lemac
942 _2udc
_cREF